00540nam a2200157Ia 4500008004100000020005500041040000800096082001800104100004400122245005400166260000900220264001700229942001300246952010600259999001700365231129s1994||||xx |||||||||||||| ||spa|| a958-9342-01-9  bspa a028.162 F981g aFundacion para el Fomento de la Lectura 0aGuí­a del libro infantil y juvenil en Colombia c1994 aLa Fundacion 2ddccBKS 00102ddc4070aBRCbBRCd2009-07-09l0o028.162 F981gp4365r2023-11-29 21:14:27t1w2023-11-29yBK c14754d14754